000 00811nam a2200229 i 4500
001 12730
003 ES-MaACL
005 20251001154847.0
007 t|
008 921021s1989 sp ||||0| spa d
020 _a84-404-5064-8
080 _a556.4/56
245 0 4 _aLos humedales del acuífero de Madrid
_b: inventario y tipología basada en su origen y funcionamiento /
_c[Coordinación Fernando Gónzalez Bernáldez, Carlos Montes].
260 _aMadrid :
_bCanal Isabel II,
_cD.L. 1989.
300 _a92 p. :
_bil. ;
_c24 cm +
_e1 map.
650 1 4 _aZonas húmedas-
_zMadrid.
_917867
700 1 _aGonzález Bernáldez, Fernando,
_d1933-1992
_958454
700 1 _aMontes, Carlos.
_982550
710 2 _aCanal de Isabel II.
_92422
852 _aES-MaACL
_jL-20020
_bR.118014
999 _c12730
_d12730